Les joueurs de foot les plus riches - Statistiques

Statistiques générales
  • Ce quiz a été pris 269 fois
  • Le résultat moyen est 5 sur 10
Statistiques - réponses
Fortune Joueur % Correct
1,4 MD Cristiano Ronaldo
100%
850M Lionel Messi
100%
300M Kylian Mbappé
89%
400M Neymar
85%
200M Karim Benzema
50%
500M David Beckham
37%
95M Antoine Griezmann
18%
190M Zlatan Ibrahimović
1%
18,5 MDS Faiq Bolkiah
0%
216M Wayne Rooney
0%
Aucun quiz correspondant
Distribution des résultats
% des personnes avec chaque résultat
Percentile par nombre de réponses
Votre historique - résultats
Vous n’avez pas pris ce quiz